| 000 | 00595nam a2200241Ia 4500 | ||
|---|---|---|---|
| 003 | OSt | ||
| 005 | 20221006141854.0 | ||
| 006 | a|||||r|||| 00| 0 | ||
| 007 | ta | ||
| 008 | 221006b |||||||| |||| 00| 0 eng d | ||
| 020 | _c283.20 | ||
| 024 | _a4,534 | ||
| 037 | _cTextual | ||
| 040 |
_aEASL _cEASL _beng |
||
| 041 |
_2eng _aeng |
||
| 082 | _aW.41vN76, M1 | ||
| 100 |
_aHARDING Harry _9107855 |
||
| 245 | 0 | _aOrganizing China | |
| 260 |
_aNill _bSUP _c1981 |
||
| 300 |
_a418p. _ccm. |
||
| 942 |
_hW.41vN76, M1 _cTEXL _2CC |
||
| 999 |
_c1072620 _d1072620 |
||